000 00343 a2200109 4500
001 ART_11290
005 20260410161856.0
008 260409a
245 1 0 _aEl Sistema de Seguridad Social en la República Argentina
100 1 _aFrediani, Ramón O.
773 0 _tRevista de Economía
_g- Nº 28 (ene./dic. 1980)
_wREV11077
999 _c25433
_d25433